Statystyki dla Akta dyktatora: Józef Stalin

Kliknij tutaj aby rozwiązać quiz!

Ogólne statystyki

  • Ten quiz został rozwiązany 550 razy
    (489 od ostatniego zresetowania)
  • Średni wynik to 12 z 20

Statystyki odpowiedzi

WskazówkaOdpowiedź% Poprawnych
Jaki termin odnosił się do podziału
na wolną i komunistyczną Europę po drugiej wojnie światowej?
{Żelazna} Kurtyna
91%
Co oznacza imię Stalin?Człowiek ze {Stali}
89%
Kogo zastąpił Stalin jako przywódcę Związku Radzieckiego?Włodzimierz Lenin
88%
W jakim regionie Imperium Rosyjskiego urodził się Stalin?Gruzja
85%
Z jakim krajem podpisał pakt o nieagresji w 1939 roku?III Rzesza
81%
Pozostali dwaj przywódcy sprzymierzonych przywódców
„Wielkiej Trójki” podczas II wojny światowej.
Winston Churchill
78%
W jakim regionie Związku Radzieckiego zginęły miliony osób podczas
głodu „Hołodomoru” w latach 1932-1933?
Ukraina
68%
Jak nazywało się zabicie przez Stalina co najmniej 600 000 wrogów politycznych -
w tym prawie każdego wysokiego rangą oficera wojskowego w późnych latach trzydziestych XX wieku?
Wielka {Czystka}
63%
Jaki „archipelag” więzień pracy przymusowej założył Stalin?Gułag
62%
Jaki rywalizujący przywódca komunistyczny
został zamordowany w Meksyku na rozkaz Stalina?
Lew Trocki
62%
Który radziecki przywódca lat pięćdziesiątych i sześćdziesiątych „zdestalinizował” kraj?Nikita Chruszczow
62%
Pozostali dwaj przywódcy sprzymierzonych przywódców
„Wielkiej Trójki” podczas II wojny światowej.
Franklin D. Roosevelt
60%
Wypełnij puste miejsce w tym cytacie, który jest błędnie przypisywany Stalinowi:
Śmierć jednego człowieka to tragedia, śmierć milionów to _________
Statystyka
58%
Które miasto nosiło wcześniej nazwę Stalingrad?Wołgograd
56%
Jaki przyjazny przydomek Stalin przyjął podczas II wojny światowej?{Wujek} Joe
42%
Jaka choroba bliznowała jego twarz, gdy był chłopcem?Ospa
34%
Do jakiej nagrody był przezabawnie nominowany w 1945 i 1948 roku?Pokojowa Nagroda Nobla
34%
Jaka książka przedstawia świnię imieniem Napoleon,
która jest niezwykle podobna do Stalina?
Folwark zwierzęcy
28%
Do jakiej pracy początkowo uczył się Stalin?Kapłan
11%
Jaką amerykańską gwiazdę westernu Stalin rzekomo próbował zabić?John Wayne
7%

Rozkład punktacji

Percentyl według liczby udzielonych odpowiedzi

Procent ludzi z każdym wynikiem

Twoja historia wyników

Nie rozwiązałeś tego quizu od ostatniego zresetowania